000 00470nab a2200145Ia 4500
003 ES-SlBCS
005 20210601133831.0
008 140529s1981 xxu||||| |||| 00| 0 por d
041 _apor
100 1 _aSilveira da Costa, José
_9210327
245 0 0 _aO Problema da Comunicaçao na Perspectiva Fenemenológica
_c José Silveira Da Costa
650 0 4 _aComunicación
_992556
773 0 _tPresença Filosofica
_gvol. 7, nº. 2-3, 1981, págs. 152-155
_wRev966
942 _cAR
999 _c602854
_d602854